Responses for Show #4103 - Wednesday, June 5, 2002

Contestants

[<< previous game]

Mary Beth Shetz, a property custodian from Houston, Texas

Amy Kobrzynski, a high school history teacher from Bridgeport, Pennsylvania

Rich Hastings, a gardener from Fayetteville, Arkansas (whose 1-day cash winnings total $24,400)

[next game &gt;&gt;]

Jeopardy! Round responses

SCIENCE GUYS
HUMPTY DUMPTY
2-LETTER WORDS
CELEBRITY WEDDINGS
FLY ME
"B" THERE
    $200 21
Bill Nye

Mary Beth
    $200 16
a wall

Rich
    $200 6
Do

Rich
    $200 11
Jennifer Lopez

Amy
    $200 26
Ford

Amy
    $200 1
Baltimore

Amy
    $400 22
Pasteur

Mary Beth
    $400 17
all the king's horses & all the king's men

Rich
    $400 7
Ed

Amy
    $400 12
Debra Messing

Mary Beth
    $1,800 27
(Amy: Who is Scout?)
...
(Alex: Remember the [*] Cub. A lot of people got their training in [*] Cubs.)

Piper

Amy
    $400 2
British Columbia

Rich
    $600 23
Newton

Amy
    $600 18
Tori Amos

Triple Stumper
    $600 8
Go

Rich
    $600 13
(Andie) MacDowell

Amy
    $600 28
de Havilland

Rich
    $600 3
(Rich: What is Bolivia?)
(Mary Beth: What is Belize?)

Brazil

RichMary Beth
Triple Stumper
    $800 24
Uranus

Rich
    $800 19
W.C. Fields

Amy
    $800 9
(Alex: What is [*]? Batter [*]!)

up

Triple Stumper
    $800 14
(Kathy) Griffin

Amy
    $800 29
(Rich: Who is, um...)
(Alex: Oh, too much time.)
(Amy: ...Trump.)

Douglas

RichAmy
    $800 4
the Bahamas

Rich
    $1000 25
(Amy: Who is Bohr?)

(Enrico) Fermi

RichAmy
    $1000 20
"Jabberwocky"

Rich
    $1000 10
an ox

Amy
    $1000 15
(James) Cameron

Amy
    $1000 30
(Lawrence) Bell

Rich
    $1000 5
(Amy: What is Bern?)
(Rich: What is Bonn?)
(Mary Beth: What is Bavaria?)
...
(Alex: Amy was on the right track. The capital of Switzerland is Bern. We're talking about [*].)

the Bernese Alps

RichAmyMary Beth
Triple Stumper

Scores at the first commercial break (after clue 15):

Rich Amy Mary Beth
$400 $3,200 -$1,200

Scores at the end of the Jeopardy! Round:

Rich Amy Mary Beth
$6,200 $1,200 -$600

Double Jeopardy! Round responses

HISTORIC AMERICANS
SOUPS OF THE WORLD
(Alex: We'll give you the soup. You identify its country of origin.)
STEPHEN KING
THERE OUGHTA BE A LAW
MUSIC MAKERS
MNEMONICS
    $400 1
Colt

Mary Beth
    $400 26
China

Amy
    $400 6
Cujo

Mary Beth
    $400 21
bankruptcy

Rich
    $400 11
Jerry Garcia

Rich
    $400 16
"I" before "E," except after "C"

Amy
    $800 2
(Amy: Who is Harrison?)
(Alex: Which one?)

Benjamin Harrison

Amy
    $800 30
Mexico

Mary Beth
    $800 7
Rose Red

Mary Beth
    $800 22
a nuisance

Rich
    $800 12
(Alex: Yes. Didn't that work out well for you?!)

Amy

Amy
    $800 17
the ten plagues

Triple Stumper
    $1200 3
Dakota

Mary Beth
    $1200 29
Italy

Amy
    $1200 8
Hearts in Atlantis

Rich
    $1200 23
garnishing

Rich
    $1200 13
Madonna

Triple Stumper
    $1200 18
lefty loosey

Rich
    $1600 4
the American Federation of Labor

Amy
    $1600 28
Spain

Amy
    $1600 9
(Alex: Good film with Tom Hanks.)

The Green Mile

Triple Stumper
    $8,000 24
(Alex: Could set a new one-day record on our program. Wanna--want to wager it all?)
...
(Alex: Yes. Edward G. Robinson, "Is this the end of Rico?")

the RICO

Rich
    $1600 14
Billy Joel

Amy
    $4,000 19
genus & species

Rich
    $2000 5
(1 of) William Dawes & Samuel Prescott

Triple Stumper
    $2000 27
(Amy: What is, um, Italy?)
(Rich: What is Greece?)

Japan

RichAmyMary Beth
    $2000 10
Castle Rock, Maine

Triple Stumper
    $2000 25
a force majeure

Triple Stumper
    $2000 15
[Alex specifies "CS&N" as "Crosby, Stills & Nash" when reading the clue.]

Judy Collins

Rich
    $2000 20
the wives of Henry VIII

Rich

Scores at the end of the Double Jeopardy! Round:

Rich Amy Mary Beth
$25,400 $7,600 $5,000
(lock game)

[wagering suggestions for these scores]

Final Jeopardy! Round responses

EUROPE
(Alex: [To Mary Beth] About 40% of the population is Muslim in Bosnia.)
...
(Alex: [To Rich] Our one-day record, I believe, is $38,000 and change. You could surpass that if you come up with the correct response.)
...
(Alex: You're gonna miss it by a few, but what a payday--$35,400, and now, a 2-day total of $59,800. 70% of the population of [*] is Muslim.)
Mary BethWhat is Bosnia?
$2,601
AmyWhat is Switzerland
$2,401
RichWhat is Albania?
$10,000
Albania

Final scores:

Rich Amy Mary Beth
$35,400 $5,199 $2,399
2-day champion: $59,800 2nd place: $2,000 3rd place: $1,000

Game dynamics:

Coryat scores:

Rich Amy Mary Beth
$16,600 $9,400 $5,000
22 R
(including 2 DDs),
3 W
18 R,
5 W
(including 1 DD)
9 R,
2 W

Combined Coryat: $31,000

[game clues] [game scores] [suggest correction]

Game tape date: 2002-02-05
The J! Archive is created by fans, for fans. Scraping, republication, monetization, and malicious use prohibited; this site may use cookies and collect identifying information. See terms. The Jeopardy! game show and all elements thereof, including but not limited to copyright and trademark thereto, are the property of Jeopardy Productions, Inc. and are protected under law. This website is not affiliated with, sponsored by, or operated by Jeopardy Productions, Inc. Join the discussion at JBoard.tv.